000 01190cab a2200217 4500
001 ##L136309
008 070123n2007 000 0 eng u
035 _a(Sirsi) u136309
041 0 _aeng
110 2 _aEurostat
_91416
245 0 0 _aConstruction output up by 1.2%
_h[electronic resource]
260 _c2007
490 0 _aEurostat News Release
_v(10/2007) 18 January 2007
520 _aIn Eurostat's first publication of its construction index on a monthly basis, seasonally adjusted production in the construction sector increased by 1.2% in the euro area and by 0.7% in the EU25 in November 2006, compared to October 2006. Compared to November 2005, output in November 2006 was up 5.5% in both the euro area and the EU25. Tables show monthly, quarterly, and annual variation in construction output and monthly and quarterly production indices for total construction for individual member states.
590 _aKA
650 2 4 _aEUROSTAT MONTHLY CONSTRUCTION INDEX
651 4 _aEUROPEAN UNION
690 _aBUILT ENVIRONMENT-CONSTRUCTION MARKET
856 4 0 _uhttps://epp.eurostat.ec.europa.eu
_zView the item free of charge at http://epp.eurostat.ec.europa.eu...
942 _n0
999 _c78241
_d78241